00825nam a22002777a 45000010005000000030009000050050017000140070005000310080028000360400022000640920015000861000018001012450082001192600033002013000021002344900011002555000024002667000030002908300011003209100008003319420012003399450038003519520108003899560035004979990015005320122DO-SdBNP20171212152428.00122151005b19uu sp 00| 0 spa d aBPMSUbspacBPMSU aXXXXbXXXX1 aScott, Walter13aAventuras del joven Waverley /cWalter Scott ; traducción Luis Solano Costa aBarcelona :bMateu,c[19--]. a272 p. :c20 cm.1 aCadete aColección juvenil1 aSolano Costa, Luisetrad. 0aCadete a202 2ddccBK aInventariado extranjero 2017 / YL 00102ddc40708CGaBPMETbBPMETd2015-11-12eDonaciónl0pBPMSU15110240r2015-11-12w2015-11-12yBK aYLOCKWARDb10c20171212dBPMSU c8688d8688